| 000 | 01171cam a22002771i 4500 | ||
|---|---|---|---|
| 003 | SA-RiAUC | ||
| 005 | 20250503110759.0 | ||
| 008 | 250425s1980 ua g 00010 ara c | ||
| 040 |
_aOQUL _bara _cSA-RiAUC. _erda |
||
| 082 | 0 | 4 | _a253.9001 |
| 090 |
_a253.9001 _bع ب د |
||
| 100 | 1 |
_aعبد القادر، علي حسن _eمؤلف. |
|
| 245 | 1 | 0 |
_aفقه المضاربة في التطبيق العملي والتجديد الاقتصادي / _cتأليف وتحقيق علي حسن عبد القادر. |
| 264 | 1 |
_aالقاهرة : _b[الناشر غير محدد]، _c1980 |
|
| 300 |
_a79 صفحة ؛ _c20 سم |
||
| 336 |
_aنص _btxt _2rdacontent _3كتاب |
||
| 337 |
_aبدون وسيط _bn _2rdamedia |
||
| 338 |
_aمجلد _bnc _2rdacarrier |
||
| 501 | _aمعه، كتاب القراض / أبو عمر يوسف بن عبد البر القرطبي. | ||
| 650 | 7 |
_aالمضاربات (فقه إسلامي) _2aucsh |
|
| 700 | 1 | 2 |
_aابن عبد البر، يوسف بن عبد الله بن محمد، _d368-463 هجري |
| 740 | 0 | 2 | _aكتاب القراض. |
| 740 | 2 | 2 | _aالقراض. |
| 942 |
_2ddc _cBOOK _n0 |
||
| 949 |
_aSA-JeALM _d250425 _umohamedma123 _n1 |
||
| 999 |
_c7557 _d7557 |
||